书目信息 |
| 题名: |
方言
|
|
| 作者: | 揚雄 撰 | |
| 分册: | ||
| 出版信息: | 北京 中华书局 2016.06 |
|
| 页数: | 191+34页 | |
| 开本: | 21cm | |
| 丛书名: | ||
| 单 册: | ||
| 中图分类: | H171 | |
| 科图分类: | ||
| 主题词: | 汉语方言 | |
| 电子资源: | ||
| ISBN: | 7-101-11746-5 | |
| 000 | 00537nam0 2200193 450 | |
| 001 | 1629545806 | |
| 005 | 20160918081416.50 | |
| 010 | @a7-101-11746-5@dCNY24.00 | |
| 100 | @a20160918d2016 km y0chiy0120 ea | |
| 101 | 0 | @achi |
| 102 | @aCN@b110000 | |
| 200 | 1 | @a方言@Afang yan@f(漢) 揚雄撰@F(tan)yang xiong zhuan |
| 210 | @a北京@c中华书局@d2016.06 | |
| 215 | @a191+34页@d21cm | |
| 606 | 0 | @a汉语方言 |
| 690 | @aH171@v4 | |
| 701 | 0 | @a揚雄@Ayang xiong@4撰 |
| 801 | 0 | @aCN@b大连网信软件有限公司图书馆·11@c20160918 |
| 905 | @aZUCC@dH171@eY130 | |
| 方言/(漢) 揚雄撰.-北京:中华书局,2016.06 |
| 191+34页;21cm |
| ISBN 7-101-11746-5:CNY24.00 |
| ● |
| 相关链接 |
|
|
|
正题名:方言
索取号:H171/Y130
 
预约/预借
| 序号 | 登录号 | 条形码 | 馆藏地/架位号 | 状态 | 备注 |
| 1 | 1238624 | 212386247 | 语言库209/209语言库 77排2列2层/ [索取号:H171/Y130] | 在馆 |